Vorläufiges Findbuch Sekretariate der Stellvertreter des Ministers Neiber, Mittig und Schwanitz im Ministerium für Staatssicherheit der DDR / (Titelsatznr. 27377)
[ MARC ]
| 000 -Satzkennung | |
|---|---|
| Kontrollfeld mit fester Länge | 01066nam a22003011c 4500 |
| 001 - Kontrollnummer | |
| Kontrollfeld | 558630650 |
| 008 - Feld mit fester Länge zur physischen Beschreibung - Allgemeine Angaben | |
| Kontrollfeld mit fester Länge | 111118s2008 gw |||| 000u ger d |
| 020 ## - Internationale Standardbuchnummer | |
| Internationale Standardbuchnummer | 9783825811 |
| Verknüpfung | 978-3-8258-11 |
| 041 ## - Sprachcode | |
| Sprachcode des Textes/der Tonspur oder des separaten Titels | ger |
| 040 ## - Katalogisierungsquelle | |
| Übertragungsstelle | RU-10907106 |
| 003 - Kontrollnummer Identifier | |
| Kontrollfeld | RU-10907106 |
| 245 00 - Titel | |
| Titel | Vorläufiges Findbuch Sekretariate der Stellvertreter des Ministers Neiber, Mittig und Schwanitz im Ministerium für Staatssicherheit der DDR / |
| Verfasserangabe etc. | Elisabeth Larssen, Jana Florczak. Abteilung Archivbestände der BStU |
| 264 ## - Produktion, Veröffentlichung, Distribution, Herstellung und Urheberrechtsvermerk | |
| Herstellungs-, Veröffentlichungs- Vertriebs-, Erzeugungsort | Berlin : |
| Produzent, Herausgeber, Distributor, Hersteller | Lit, |
| Datum der Herstellung, der Veröffentlichung, des Vertriebs oder des Urheberschutzvermerks | 2008 |
| 300 ## - Physische Beschreibung | |
| Umfang | XLI, 358 S. |
| 490 #0 - Gesamttitelangabe | |
| Gesamttitelangabe | Archiv zur DDR-Staatssicherheit |
| Bandnummer/Folgebezeichnung | 10 |
| 600 #0 - Nebeneintragung unter einem Schlagwort - Personenname | |
| Personenname | Neiber, Gerhard |
| 600 #0 - Nebeneintragung unter einem Schlagwort - Personenname | |
| Personenname | Mittig, Rudi |
| 600 #0 - Nebeneintragung unter einem Schlagwort - Personenname | |
| Personenname | Schwanitz, Wolfgang |
| 600 #0 - Nebeneintragung unter einem Schlagwort - Personenname | |
| Personenname | Opposition |
| 650 #0 - Nebeneintragung unter einem Schlagwort - Sachschlagwort | |
| Sachschlagwort oder geografischer Name als Eintragungselement | MfS |
| 650 #0 - Nebeneintragung unter einem Schlagwort - Sachschlagwort | |
| Sachschlagwort oder geografischer Name als Eintragungselement | Stasi |
| 650 #0 - Nebeneintragung unter einem Schlagwort - Sachschlagwort | |
| Sachschlagwort oder geografischer Name als Eintragungselement | |
| 655 #0 - Indexierungsterm - Genre/Form | |
| Genre/Form oder fokussierter Term | |
| 700 1# - Nebeneintragung - Personenname | |
| Personenname | Larssen, Elisabeth |
| Funktionsbezeichnung | HerausgeberIn |
| 700 1# - Nebeneintragung - Personenname | |
| Personenname | Florczak, Jana |
| Funktionsbezeichnung | HerausgeberIn |
| 710 2# - Nebeneintragung - Körperschaftsname | |
| Körperschafts- oder Gebietskörperschaftsname als Eintragungselement | Deutschland. Der Bundesbeauftragte für die Unterlagen des Staatssicherheitsdienstes der Ehemaligen Deutschen Demokratischen Republik |
| 942 ## - Zusätzliche Felder (Koha) | |
| Koha-Medientyp | Monographien |
| Ausgeschieden | Verloren | Klassifikation oder Aufstellungssystematik | Beschädigt | Nicht entleihbar | Heimatbibliothek | Aufenthaltsbibliothek | Aufstellungsort | Erwerbungsdatum | Inventarnummer | Signatur | Barcode | Letzte Aktivität | Preis gültig von | Koha-Medientyp |
|---|---|---|---|---|---|---|---|---|---|---|---|---|---|---|
| Andere/Generische Klassifikation | MWN Osteuropa | MWN Osteuropa | Lesesaal - 1 | 18/11/2011 | 12-01719 | D 54 hd Lar | E0040150790851F0 | 23/02/2021 | 22/03/2021 | Monographien |